Dvaja šibali

Bibliographic Details
Main Author: Rudenkov, I. (Author)
Other Authors: Tomský, Róbert (Translator), Gajdar, Arkadij Petrovič, 1904-1941
Format: Book
Language:Slovak
Russian
PhysicalDescription:39 s. V. 12°. prieč.
Published: Martin Matica slovenská - ÚBOS [1951]
Series:Rozmnožené rukopisy bábkových hier
Subjects:

MARC

LEADER 00000cam a2200000 a 4500
001 vtls008371269
003 SK-MaSNL
005 20260302074615.0
008 230403s1951 xo b 000 d slo
015 |a SNBA19451955-002891 
035 |a SK01SNKBKSFS20020063486 
035 |a urn:nbn:sk:snk-am3hyr5 
035 |a C5D96C86-DDC2-48E4-A4DF-A4DCE3FDD748 
035 |a urn:nbn:sk:snk-am00ddri 
035 |a SKM000065949 
040 |a SNK  |b slo  |c SNK  |e AACR2 
041 1 |a slo  |h rus 
044 |a xo  |c SK 
080 |a 882-2  |2 1981 
100 1 |a Rudenkov, I.  |4 aut  |9 740461 
240 1 0 |a Čuk i Gek  |l Slovensky 
245 1 0 |a Dvaja šibali  |c z ruského originálu Čuk a Gek od I. Rudenkova preložil Róbert Tomský 
260 |a Martin  |b Matica slovenská - ÚBOS  |c [1951]  |e Martin  |f MS-ÚBOS 
300 |a 39 s.  |c V. 12°. prieč. 
490 1 |a Rozmnožené rukopisy bábkových hier  |v č. 21 
500 |a Na titulnom liste chybne uvedené Rudenko. Meno autora dramatizácie opravené podľa časopisu Zatejnik na Rudenkov 
655 7 |a ruské drámy  |2 SNKPH  |9 81966 
655 7 |a bábkové hry  |2 SNKPH  |9 279988 
655 7 |a rozprávky  |2 SNKPH  |9 70597 
700 1 |a Tomský, Róbert  |4 trl  |9 458851 
700 1 |i Bábková dramatizácia diela:  |a Gajdar, Arkadij Petrovič,  |d 1904-1941  |t Čuk a Gek  |9 740462 
787 0 8 |i Ruský originál publikovaný v:  |t Zatejnik. Č. 8 (1950) 
830 0 |a Rozmnožené rukopisy bábkových hier  |9 308708 
852 |a Slovenská národná knižnica 
954 |a beletria cudzojazyčná (svetová)  |2 lita 
958 |a EUIPO 
958 |a OND 
958 |a RK 
958 |a TL 
999 |c 1165719  |d 1167649 
952 |a SNK  |b SNK  |y VYP  |7 0  |p 17A0656481  |o snkSD 6919/21a D1  |i snkI. 502/52  |0 0  |1 0  |4 0  |d 2010-06-02  |l 0  |r 2026-02-24 20:47:55  |w 2026-02-24 
952 |a SNK  |b SNK  |y VYP  |7 0  |p 17A0656480  |o snkSD 6919/21a D2  |i snkF 5108/65  |8 5  |0 0  |1 0  |4 0  |d 2010-06-02  |l 0  |r 2026-02-24 20:47:55  |w 2026-02-24 
952 |a SNK  |b SNK  |y PREZ  |7 0  |p 17A0911494  |o snkSD 6919/21a  |i snk1712/54  |0 0  |1 0  |4 0  |d 2019-08-20  |f 1  |l 0  |r 2025-11-14 00:00:00  |w 2026-02-24